Т. 108, вып. 3; Атомная энергия

Opis bibliograficzny
Parent link:Атомная энергия: теоретический и научно-технический журнал/ Российская академия наук ; Государственная корпорация "Росатом", ядерного общества России. Т. 108, вып. 3.— , 1956-.— 0004-7163
Język:rosyjski
Wydane: 2010
Format: Książka
KOHA link:https://koha.lib.tpu.ru/cgi-bin/koha/opac-detail.pl?biblionumber=426542

MARC

LEADER 00000nam2a2200000 4500
001 426542
005 20231101074532.0
035 |a (RuTPU)RU\TPU\prd\85288 
035 |a RU\TPU\prd\82606 
090 |a 426542 
100 |a 20100706a19569999k y0rusy50 ca 
101 0 |a rus 
102 |a RU 
200 0 |a Т. 108, вып. 3 
210 |d 2010 
461 1 |0 (RuTPU)RU\TPU\prd\33  |x 0004-7163  |t Атомная энергия  |o теоретический и научно-технический журнал  |f Российская академия наук ; Государственная корпорация "Росатом", ядерного общества России  |v Т. 108, вып. 3  |d 1956- 
801 0 |a RU  |b 63413507  |c 20010227  |g PSBO 
801 1 |a RU  |b 63413507  |c 20100519 
801 2 |a RU  |b 63413507  |c 20230321  |g RCR 
942 |c BK 
999 |a НТБ_ТПУ  |b НФ  |e -8/20100113  |p П-6009  |s 8/20090907  |u 0,00  |v 1